Role of wood products in global climate change (Record no. 67227)

MARC details
000 -LEADER
fixed length control field 00335nam a2200133Ia 4500
100 ## - MAIN ENTRY--AUTHOR NAME
Personal name Gupta M
245 #0 - TITLE STATEMENT
Title Role of wood products in global climate change
260 ## - PUBLICATION, DISTRIBUTION, ETC. (IMPRINT)
Name of publisher Indian Forester
Year of publication 2011
300 ## - PHYSICAL DESCRIPTION
Number of Pages 1056-1051
650 ## - SUBJECT ADDED ENTRY--TOPICAL TERM
Topical Term Climate change
700 ## - ADDED ENTRY--PERSONAL NAME
Personal name Gupta L M
942 ## - ADDED ENTRY ELEMENTS (KOHA)
Koha item type Journals
Holdings
Withdrawn status Lost status Damaged status Not for loan Home library Current library Shelving location Date acquired Serial Enumeration / chronology Koha item type
      Journals RRII Library RRII Library Climate change 25/11/2011 Volume 137, Issue 9 Journals